Prevencia kriminality na miestnej úrovni
Súčasný stav a perspektíva prevencie kriminality na miestnej úrovni v podmienkach Slovenskej republiky. Návrhy na riešenia orgánmi štátnej správy a samosprávy. Tvorba preventívnych aktivít a ich zakomponovanie do interných právnych noriem.
Gespeichert in:
| 1. Verfasser: | |
|---|---|
| Format: | Buchkapitel |
| Sprache: | Slowakisch |
| Schlagworte: | |
| Tags: |
Keine Tags, Fügen Sie das erste Tag hinzu!
|
MARC
| LEADER | 00000naa a2200000 4500 | ||
|---|---|---|---|
| 001 | 0136132 | ||
| 005 | 20231204133133.1 | ||
| 041 | 0 | |a slo | |
| 044 | |a SK | ||
| 245 | 1 | 0 | |a Prevencia kriminality na miestnej úrovni |c Libor Gašpierik |
| 520 | |a Súčasný stav a perspektíva prevencie kriminality na miestnej úrovni v podmienkach Slovenskej republiky. Návrhy na riešenia orgánmi štátnej správy a samosprávy. Tvorba preventívnych aktivít a ich zakomponovanie do interných právnych noriem. | ||
| 610 | 2 | 0 | |a správa štátna |
| 610 | 2 | 0 | |a správa verejná |
| 610 | 2 | 0 | |a samospráva |
| 610 | 2 | 0 | |a regióny |
| 610 | 2 | 0 | |a kriminalita |
| 610 | 2 | 0 | |a prevencia |
| 610 | 2 | 0 | |a bezpečnosť |
| 610 | 2 | 0 | |a financie komunálne |
| 610 | 2 | 0 | |a normy právne |
| 610 | 2 | 0 | |a Slovensko |
| 100 | 1 | |a Gašpierik, Libor | |